Debt <the> first 5,000 years

Gespeichert in:
Bibliographische Detailangaben
1. Verfasser: Graeber, David
Format: Buch
Sprache:Englisch
Veröffentlicht: New York Melville House 2014
Ausgabe:updated and expanded ed.
Schlagworte:
Tags: Tag hinzufügen
Keine Tags, Fügen Sie das erste Tag hinzu!

MARC

LEADER 00000nam a2200000 4500
001 0196971
005 20221207093418.0
020 |a 978-1-61219-419-6 
041 0 |a eng 
044 |a US 
245 1 0 |a Debt  |b <the> first 5,000 years  |c David Graeber 
250 |a updated and expanded ed. 
264 1 |a New York  |b Melville House  |c 2014 
300 |a 542 s. 
610 2 0 |a dlhy 
610 2 0 |a peniaze 
610 2 0 |a kríza finančná 
610 2 0 |a kapitalizmus 
100 1 |a Graeber, David